International human rights and indigenous peoples

Guardat en:
Dades bibliogràfiques
Autor principal: Anaya, S. James (Autor)
Format: Llibre
Idioma:anglès
Publicat: Austin Wolters Kluwer 2009
Matèries:
Etiquetes: Afegir etiqueta
Sense etiquetes, Sigues el primer a etiquetar aquest registre!

MARC

LEADER 00000cam a2200000 a 4500
001 UCF2809
003 CL-VaPUC
008 120910e20090000US |||||||||||||||||eng|d
020 |a 9780735562486 
082 0 4 |a 341.481  |b ANA  |2 21 
100 0 |a Anaya, S. James  |e author  |9 564624 
245 1 0 |a International human rights and indigenous peoples 
300 |a 374 p 
942 |c BK 
945 |d 20120910 00:00:00  |a dcastane 
260 |a Austin  |b Wolters Kluwer  |c 2009 
650 0 |a Derechos humanos  |9 223025 
650 0 |a Pueblos indígenas   |9 357564 
583 |a last modification  |c 20120910 11:39:00  |k Rodrigo Vera 
999 |c 349347  |d 349345 
952 |0 0  |1 0  |4 0  |6 341_481000000000000_ANA_2009  |7 0  |8 A  |9 451945  |a BIBDER  |b BIBDER  |d 2019-11-22  |i 4901894  |o 341.481 ANA 2009  |p 4901894  |r 2023-01-25  |w 2019-11-22  |y BK  |k DER